000 00435 a2200169 4500
001 191178
020 _a978-85-7666-230-3
040 _cMagnum
100 _aAlcântara, Ivan
240 1 0 _aEu adoro os meus dentes: conversando sobre higiene
_lpor
245 1 0 _aEu adoro os meus dentes: conversando sobre higiene
300 _a22
362 0 _a2005
440 1 _aEscala Educacional
697 _aLITERATURA INFANTIL
942 _cBK
999 _c191178
_d191178